Diagnóstico del sistema educativo: la escuela secundaria obligatoria

Gardado en:
Detalles Bibliográficos
Autor Corporativo: Instituto Nacional de Calidad y Evaluación (Author)
Formato: Libro
Idioma:Lingua castelá
Publicado: Madrid Ministerio de Educación y Cultura 1997
Madrid INCE 1997
Series:Estudios e Informes
Subjects:
Tags: Engadir etiqueta
Sen Etiquetas, Sexa o primeiro en etiquetar este rexistro!

MARC

LEADER 00000nam a2200000 a 4500
001 UCG1798
003 CL-VaPUC
008 100520e19970000SP |||||||||||||||||spa|d
020 |a 8436931076v.4 
082 0 4 |a 373  |b INS  |2 21 
110 2 |a Instituto Nacional de Calidad y Evaluación  |e author  |9 549827 
245 1 0 |a Diagnóstico del sistema educativo: la escuela secundaria obligatoria 
300 |a v 
942 |c BK 
945 |d 20100520 00:00:00  |a rbrito 
260 |a Madrid  |b Ministerio de Educación y Cultura  |c 1997 
260 |a Madrid  |b INCE  |c 1997 
650 0 |a Evaluación de la educación   |9 237505 
650 0 |a Calidad de la educación   |9 307271 
583 |a last modification  |c 20130326 10:10:07  |k Rodrigo Vera 
490 0 |a Estudios e Informes 
999 |c 341061  |d 341059 
952 |0 0  |1 0  |4 0  |6 373_000000000000000_INS_1997_1997  |7 0  |8 P  |9 436278  |a BIBEDU  |b BIBEDU  |c BIBEDU_PB  |d 2019-11-22  |h v.4  |i 4677137  |o 373 INS 1997 1997  |p 4677137  |r 2024-01-25  |w 2019-11-22  |y BK  |k EBA